Quel kinan ? - Statistiques

Statistiques générales
  • Ce quiz a été pris 6 fois
  • Le résultat moyen est 11 sur 13
Statistiques - réponses
Par images Réponse % Correct
Arthurnan
100%
aubinan
83%
estenan
83%
etoile finan
83%
fouetnan
83%
javelotnan
83%
perchenan
83%
raphnan
83%
stylonan
83%
surfnan
83%
swenan
83%
tronçonan
83%
Boatengnan
67%
Aucun quiz correspondant
Distribution des résultats
% des personnes avec chaque résultat
Percentile par nombre de réponses
Votre historique - résultats
Vous n’avez pas pris ce quiz